Detalles MARC
| 000 -LIDER |
| fixed length control field |
01445nam a2200301 a 4500 |
| 001 - NÚMERO DE CONTROL |
| Identificador de número de control |
000048610 |
| 003 - IDENTIFICACDOR DE NÚMERO DE CONTROL |
| control field |
DO-SdBNP |
| 005 - DATE AND TIME OF LATEST TRANSACTION |
| control field |
20230707134034.0 |
| 008 - ELEMENTOS DE LONGITUD FIJA |
| fixed length control field |
190403s2017 dr acd 000 m spa d |
| 020 ## - ISBN |
| International Standard Book Number |
9789945167900 |
| 040 ## - FUENTE DE CATALOGACIÓN |
| Agencia que crea de manera original el registro |
DO-SdBNP |
| Idioma de catalogación |
spa |
| Agencia que realiza la transcripción |
BPMSU |
| 082 ## - NÚMERO DE CLASIFICACIÓN DECIMAL DE DEWEY |
| Classification number |
382.7293 |
| Item number |
G934s 2017 |
| Edition number |
22 |
| 100 1# - ASIENTO PRINCIPAL -- NOMBRE PERSONAL |
| Nombre personal |
Guerrero, Daniel |
| 245 13 - MENCIÓN DE TITULO |
| Título |
La sombra del libre comercio : |
| Subtítulo |
cambios dentro de la economía mundial / |
| Mención de responsabilidad |
Daniel Guerrero ; prólogo Jaime Estay. |
| 260 ## - PUBLICACIÓN, DISTRIBUCIÓN, ETC. (PIE DE IMPRENTA) |
| Lugar de publicación, distribución, etc |
Santo Domingo : |
| Nombre del editor, distribuidor, etc. |
Editoria Búho, |
| Fecha de publicación, distribución, etc |
2017. |
| 300 ## - DESCRIPCIÓN FÍSICA |
| Extensión |
338 p. : |
| Otros detalles físicos |
il., retrs., gráf. ; |
| Dimensiones |
23 cm. |
| 500 ## - NOTA GENERAL |
| Nota general |
Incluye referencias bibliográficas y notas al pie de las páginas |
| 500 ## - NOTA GENERAL |
| Nota general |
Incluye datos biográficos del autor en las solapas |
| 505 0# - NOTA DE CONTENIDO |
| Texto normalizado de contenido |
Dedicatoria -- |
| Título |
Prólogo -- |
| -- |
Introducción |
| Información miscelánea |
Capítulo 1 |
| Título |
Por la ruta del libre comercio -- |
| Información miscelánea |
Capítulo 2 |
| Título |
Impacto de las asimetrías económicas -- |
| Información miscelánea |
Capítulo 3 |
| Título |
Obstáculos al comercio internacional -- |
| Información miscelánea |
Capítulo 4 |
| Título |
Epílogo: ¿ Adiós a los mega-acuerdos comerciales -- |
| -- |
Anexos |
| -- |
Anexos I: Bases programáticas de Donald Trump -- |
| -- |
Anexos II: Organigrama de la OMC |
| -- |
Anexos III: Fragmento de documento de la CEPAL-- |
| 590 ## - NOTA LOCAL |
| Texto de la nota local |
Inventariado, 2023/VM |
| 650 #4 - ENCABEZAMIENTO DE MATERIA--TEMÁTICO |
| Término temático o nombre geográfico como elemento de entrada |
Economía internacional |
| 650 #4 - ENCABEZAMIENTO DE MATERIA--TEMÁTICO |
| Término temático o nombre geográfico como elemento de entrada |
Tratados comerciales |
| 651 #4 - ENCABEZAMIENTO DE MATERIA--NOMBRE GEOGRÁFICO |
| Nombre geográfico |
República Dominicana |
| Subdivisión temática general |
Comercio exterior |
| 700 1# - ASIENTO SECUNDARIO -- NOMBRE PERSONAL |
| Nombre personal |
Estay, Jaime, |
| Mención de responsabilidad |
pról. |
| 900 ## - EQUIVALENCIA O REFERENCIA CRUZADA NOMBRE PERSONAL [LOCAL, REPÚBLICA DOMINICANA] |
| Enlace |
|
| 910 ## - VALIDACIÓN |
| Validación |
VMateo V. Control de calidad (BPMSU) |
| 942 ## - ADDED ENTRY ELEMENTS (KOHA) |
| Source of classification or shelving scheme |
Dewey Decimal Classification |
| Koha item type |
Libros |